[Event "TCh-TUR Super League 2015"]
[Site "Kocaeli TUR"]
[Date "2015.08.07"]
[Round "4.5"]
[Board "4"]
[White "Yaran, Siar"]
[Black "Apaydin, Fethi"]
[Result "0-1"]
[WhiteTitle "CM"]
[BlackTitle "FM"]
[WhiteElo "2179"]
[BlackElo "2253"]
[WhiteTeam "Kahramanmaras Buyuksehir Belediye Sports Club"]
[BlackTeam "Besiktas Jimnastik Kulubu"]
[WhiteFideId "6323006"]
[BlackFideId "6302521"]
[EventDate "2015.08.04"]

1. c4 g6 2. Nc3 Bg7 3. g3 e5 4. Bg2 d6 5. Nf3 f5 6. d3 Nf6 7. O-O Nc6 8. Rb1 O-O
9. b4 h6 10. b5 Ne7 11. Bb2 g5 12. Nd2 h5 13. e4 f4 14. d4 Ng6 15. Nd5 g4 16.
Re1 f3 17. Bf1 h4 18. dxe5 Nh5 19. Nf6+ Nxf6 20. exf6 Bxf6 21. c5 hxg3 22. hxg3
Be5 23. cxd6 cxd6 24. Bxe5 dxe5 25. Nc4 Qf6 26. Ne3 Be6 27. Nd5 Qh8 28. Qc1 Qh5
29. Qc7 Bxd5 30. exd5 Rf7 31. Qd6 Rh7 32. Qe6+ Kf8 33. Qf6+ Ke8 34. Rxe5+ Nxe5
35. Qe6+ Kf8 36. Qd6+ Kg8 37. Qe6+ Nf7 38. Bh3 Qxh3 0-1

[Event "TCh-TUR Super League 2015"]
[Site "Kocaeli TUR"]
[Date "2015.08.07"]
[Round "4.5"]
[Board "5"]
[White "Ozturk, Kubra"]
[Black "Isgandarova, Khayala"]
[Result "1/2-1/2"]
[WhiteTitle "WGM"]
[BlackTitle "WIM"]
[WhiteElo "2240"]
[BlackElo "2245"]
[WhiteTeam "Besiktas Jimnastik Kulubu"]
[BlackTeam "Kahramanmaras Buyuksehir Belediye Sports Club"]
[WhiteFideId "6302599"]
[BlackFideId "13401823"]
[EventDate "2015.08.04"]

1. d4 Nf6 2. c4 e6 3. g3 d5 4. Bg2 Be7 5. Nf3 dxc4 6. O-O O-O 7. Qc2 a6 8. Qxc4
b5 9. Qc2 Bb7 10. Bd2 Be4 11. Qc1 Bb7 12. Bf4 Bd6 13. Nbd2 Nbd7 14. Nb3 Bd5 15.
Rd1 Qe7 16. Ne5 Bxg2 17. Kxg2 Nd5 18. Nc6 Nxf4+ 19. Qxf4 Qe8 20. Qf3 e5 21. dxe5
Nxe5 1/2-1/2

[Event "TCh-TUR Super League 2015"]
[Site "Kocaeli TUR"]
[Date "2015.08.07"]
[Round "4.5"]
[Board "6"]
[White "Soysal, Serkan"]
[Black "Arat, Ufuk Sezen"]
[Result "0-1"]
[WhiteTitle "FM"]
[BlackTitle "FM"]
[WhiteElo "2293"]
[BlackElo "2409"]
[WhiteTeam "Kahramanmaras Buyuksehir Belediye Sports Club"]
[BlackTeam "Besiktas Jimnastik Kulubu"]
[WhiteFideId "6349250"]
[BlackFideId "6309089"]
[EventDate "2015.08.04"]

1. d4 Nf6 2. c4 g6 3. Nc3 Bg7 4. e4 d6 5. f4 O-O 6. Nf3 c5 7. d5 e6 8. Be2 exd5
9. cxd5 Bg4 10. O-O Nbd7 11. h3 Bxf3 12. Bxf3 Ne8 13. g4 Rb8 14. g5 Nc7 15. Kg2
b5 16. Ne2 b4 17. Ng3 Nb5 18. e5 dxe5 19. f5 e4 20. Bxe4 Be5 21. Qg4 Nd6 22. Bc2
c4 23. fxg6 hxg6 24. Bf4 Re8 25. Rae1 b3 26. axb3 cxb3 27. Bd1 Rb4 28. h4 Bxf4
29. Rxf4 Rb5 30. Rxe8+ Qxe8 31. Ne4 Rxd5 32. Nxd6 Rxd6 33. Bxb3 Rd2+ 34. Kf1 Ne5
35. Re4 Qb5+ 36. Bc4 Qxb2 37. Qc8+ Kg7 38. Be2 Qb1+ 0-1

[Event "TCh-TUR Super League 2015"]
[Site "Kocaeli TUR"]
[Date "2015.08.07"]
[Round "4.5"]
[Board "7"]
[White "Gokerkan, Cem Kaan"]
[Black "Karaoglan, Kivanc"]
[Result "1-0"]
[WhiteElo "2205"]
[BlackElo "1981"]
[WhiteTeam "Besiktas Jimnastik Kulubu"]
[BlackTeam "Kahramanmaras Buyuksehir Belediye Sports Club"]
[WhiteFideId "6336760"]
[BlackFideId "6329152"]
[EventDate "2015.08.04"]

1. e4 e5 2. Nc3 Nf6 3. g3 c6 4. d4 Bb4 5. dxe5 Nxe4 6. Qd4 Qa5 7. Ne2 Nxc3 8.
Nxc3 O-O 9. Bg2 Re8 10. O-O Rxe5 11. Bf4 Re7 12. Rae1 d5 13. Rxe7 Bxe7 14. Bxb8
Bf6 15. Be5 Bxe5 16. Qxe5 Be6 17. a3 b5 18. Qd6 Qb6 19. Re1 Rd8 20. Qe7 a5 21.
Bh3 b4 22. Bxe6 fxe6 23. Qxe6+ Kf8 24. Re5 1-0

[Event "TCh-TUR Super League 2015"]
[Site "Kocaeli TUR"]
[Date "2015.08.07"]
[Round "4.5"]
[Board "8"]
[White "Ayan, Bengu Sena"]
[Black "Arda, Cagil Irmak"]
[Result "1-0"]
[BlackTitle "WCM"]
[WhiteElo "1693"]
[BlackElo "1915"]
[WhiteTeam "Kahramanmaras Buyuksehir Belediye Sports Club"]
[BlackTeam "Besiktas Jimnastik Kulubu"]
[WhiteFideId "6346120"]
[BlackFideId "6351700"]
[EventDate "2015.08.04"]

1. e4 c5 2. c3 d5 3. exd5 Qxd5 4. d4 Nc6 5. Nf3 Nf6 6. Be2 cxd4 7. cxd4 e6 8.
Nc3 Qd6 9. O-O Be7 10. Bg5 Nd5 11. Ne4 Qd8 12. Bxe7 Ndxe7 13. Qd2 O-O 14. Rfd1
b6 15. Qf4 Nf5 16. Nc3 Nce7 17. Bd3 Ng6 18. Qe4 Rb8 19. d5 Bb7 20. Qa4 Nfh4 21.
Be4 e5 22. Nxh4 Nxh4 23. d6 f5 24. Bxb7 Rxb7 25. Qc4+ Rbf7 26. Qd3 e4 27. Qh3 g5
28. Rd5 Rd7 29. Rad1 Rf6 30. Qg3 Re6 31. Nb5 f4 32. Rxg5+ Rg6 33. Rxg6+ Nxg6 34.
Qb3+ Kh8 35. Qc3+ Rg7 36. Nc7 Nf8 37. Qe5 e3 38. Ne8 exf2+ 39. Kf1 1-0

[Event "TCh-TUR Super League 2015"]
[Site "Kocaeli TUR"]
[Date "2015.08.07"]
[Round "4.6"]
[Board "1"]
[White "Sideifzade, Fikret"]
[Black "Cheparinov, Ivan"]
[Result "0-1"]
[WhiteTitle "IM"]
[BlackTitle "GM"]
[WhiteElo "2381"]
[BlackElo "2690"]
[WhiteTeam "Calli Sports Club"]
[BlackTeam "Turk Hava Yollari (Thy) Sports Club"]
[WhiteFideId "13400150"]
[BlackFideId "2905540"]
[EventDate "2015.08.04"]

1. d4 Nf6 2. Nf3 g6 3. Bg5 Bg7 4. Nbd2 O-O 5. e4 d5 6. Bd3 dxe4 7. Nxe4 Nxe4 8.
Bxe4 c5 9. dxc5 Qc7 10. c3 Na6 11. O-O Nxc5 12. Bc2 e5 13. Re1 b6 14. Qc1 Bb7
15. Qe3 Rfe8 16. Rac1 Ne6 17. Bb3 Nc5 18. Bc2 a5 19. b4 Ne6 20. Bb3 e4 21. Nd4
Nxg5 22. Qxg5 a4 23. Bd1 e3 24. Bf3 exf2+ 25. Kxf2 Rxe1 26. Kxe1 Qxh2 27. Bxb7
Re8+ 28. Kd1 Bxd4 29. cxd4 Qg1+ 30. Kc2 Qf2+ 31. Kc3 Re3+ 32. Kc4 Qe2+ 33. Kd5
Rc3 0-1

[Event "TCh-TUR Super League 2015"]
[Site "Kocaeli TUR"]
[Date "2015.08.07"]
[Round "4.6"]
[Board "2"]
[White "Salgado Lopez, Ivan"]
[Black "Ertan, Can"]
[Result "1-0"]
[WhiteTitle "GM"]
[BlackTitle "FM"]
[WhiteElo "2615"]
[BlackElo "2238"]
[WhiteTeam "Turk Hava Yollari (Thy) Sports Club"]
[BlackTeam "Calli Sports Club"]
[WhiteFideId "2257327"]
[BlackFideId "6306330"]
[EventDate "2015.08.04"]

1. e4 e5 2. Nf3 Nc6 3. Bb5 a6 4. Ba4 Nf6 5. O-O Be7 6. d3 b5 7. Bb3 O-O 8. a4
Bb7 9. Nc3 b4 10. Ne2 Na5 11. Ba2 d5 12. exd5 Bxd5 13. Bxd5 Qxd5 14. Ng3 Rfe8
15. b3 Nc6 16. Be3 h6 17. Nd2 Rad8 18. Re1 Bc5 19. Nc4 Bd4 20. Bxd4 Nxd4 21. f3
Qc6 22. Rc1 Nd5 23. Qd2 Nf4 24. Kf1 Qf6 25. Qxb4 Nxf3 26. gxf3 e4 27. Rxe4 Rxe4
28. dxe4 Qh4 29. Kg1 Qh3 30. Ne3 h5 31. e5 Ne6 32. Rd1 Rxd1+ 33. Nxd1 Ng5 34.
Qf4 Qd7 35. Qxg5 Qxd1+ 36. Nf1 Qxc2 37. Qe3 h4 38. h3 c5 39. e6 Qg6+ 40. Kf2
fxe6 41. Qxc5 Qf6 42. Qc4 a5 43. Nd2 Kh8 44. Ne4 Qb2+ 45. Ke3 Qe5 46. Qc8+ Kh7
47. Qd8 1-0

[Event "TCh-TUR Super League 2015"]
[Site "Kocaeli TUR"]
[Date "2015.08.07"]
[Round "4.6"]
[Board "3"]
[White "Burcu, Cagatay"]
[Black "Dastan, Muhammed Batuhan"]
[Result "0-1"]
[BlackTitle "IM"]
[WhiteElo "2178"]
[BlackElo "2448"]
[WhiteTeam "Calli Sports Club"]
[BlackTeam "Turk Hava Yollari (Thy) Sports Club"]
[WhiteFideId "6310630"]
[BlackFideId "6300014"]
[EventDate "2015.08.04"]

1. d4 f5 2. c4 Nf6 3. g3 g6 4. Bg2 Bg7 5. Nf3 O-O 6. O-O d6 7. Nc3 c6 8. Rb1 Qc7
9. d5 Na6 10. dxc6 bxc6 11. Nd4 Bd7 12. Nc2 Rad8 13. Bd2 Nc5 14. Qc1 Ng4 15. b4
Ne6 16. Ne3 Nf6 17. f4 Nd4 18. Re1 e5 19. b5 cxb5 20. cxb5 e4 21. Rb4 Ne6 22.
Qb1 d5 23. Na4 d4 24. Rc1 Qb8 25. Nc4 Nd5 26. Rb3 Rc8 27. Na5 Rxc1+ 28. Qxc1 Rc8
29. Nc6 Qd6 30. e3 dxe3 31. Bc3 Nxc3 32. Nxc3 Bxc6 33. bxc6 Rxc6 34. Qe1 Bxc3
35. Rxc3 Qd2 0-1

[Event "TCh-TUR Super League 2015"]
[Site "Kocaeli TUR"]
[Date "2015.08.07"]
[Round "4.6"]
[Board "4"]
[White "Kerigan, Demre"]
[Black "Caliskan, Kerem"]
[Result "1-0"]
[WhiteTitle "IM"]
[WhiteElo "2406"]
[BlackElo "1758"]
[WhiteTeam "Turk Hava Yollari (Thy) Sports Club"]
[BlackTeam "Calli Sports Club"]
[WhiteFideId "6307841"]
[BlackFideId "6310699"]
[EventDate "2015.08.04"]

1. e4 e5 2. Nf3 Nc6 3. Nc3 Nf6 4. Bb5 Bb4 5. O-O O-O 6. d3 d6 7. Bg5 Bxc3 8.
bxc3 Qe7 9. Re1 Nd8 10. d4 Ne6 11. Bc1 c5 12. Bf1 Rd8 13. g3 Nf8 14. Qd3 Ng6 15.
Bg2 h6 16. Nd2 Qc7 17. d5 Bd7 18. a4 Qa5 19. c4 Qc7 20. Nf1 b6 21. Ne3 Re8 22.
Bd2 Ne7 23. Rf1 Ng4 24. Nxg4 Bxg4 25. f4 f6 26. f5 Bh5 27. Rf2 Kf8 28. g4 Bf7
29. h4 a5 30. g5 hxg5 31. hxg5 Nc8 32. Qh3 Ke7 33. Qh7 Rg8 34. g6 Qd8 35. gxf7
Kxf7 36. Bf3 Qf8 37. Rg2 Ke7 38. Bh6 Kd8 39. Bxg7 Ra7 40. Bxf6+ Ke8 41. Bh5+ Rf7
42. Rxg8 1-0

[Event "TCh-TUR Super League 2015"]
[Site "Kocaeli TUR"]
[Date "2015.08.07"]
[Round "4.6"]
[Board "5"]
[White "Mammadova, Gulnar"]
[Black "Yildiz, Betul Cemre"]
[Result "1/2-1/2"]
[WhiteTitle "WGM"]
[BlackTitle "WGM"]
[WhiteElo "2313"]
[BlackElo "2345"]
[WhiteTeam "Calli Sports Club"]
[BlackTeam "Turk Hava Yollari (Thy) Sports Club"]
[WhiteFideId "13403508"]
[BlackFideId "6302920"]
[EventDate "2015.08.04"]

1. e4 e5 2. Nf3 Nc6 3. Bb5 a6 4. Bxc6 dxc6 5. O-O Qd6 6. Na3 Be6 7. Qe2 f6 8.
Rd1 Bg4 9. d4 O-O-O 10. Be3 Qe6 11. dxe5 Rxd1+ 12. Qxd1 Bxa3 13. bxa3 fxe5 14.
Ng5 Bxd1 15. Nxe6 Bxc2 16. f3 b6 17. Rc1 Ba4 18. Nxg7 Nf6 19. g4 c5 20. h4 Ne8
21. Nf5 Kd7 22. h5 Nf6 23. Ng3 Ke6 24. g5 Ne8 25. Kf2 Nd6 26. f4 exf4 27. Bxf4
Rf8 28. Kf3 Bc6 29. Ke3 Bb5 30. Bxd6 cxd6 31. Rb1 Ke5 32. a4 Bxa4 33. Rxb6 Rg8
34. Nf5 d5 35. Nh6 d4+ 36. Kd3 Rg7 37. g6 hxg6 38. hxg6 Bb5+ 39. Kd2 Be8 40.
Ng4+ Kf4 41. Nf2 c4 42. Rf6+ Kg3 43. e5 Bxg6 44. Nd1 Bh5 45. Rc6 Kf4 46. Rxc4
Rg2+ 47. Kc1 Ke4 48. Nb2 Rg1+ 49. Kc2 Bg6 50. Rc7 Kxe5+ 51. Kb3 d3 52. Rd7 Ke6
53. Rd4 Rg3 54. Kc3 Rg2 55. Nxd3 Bxd3 56. Rxd3 1/2-1/2

[Event "TCh-TUR Super League 2015"]
[Site "Kocaeli TUR"]
[Date "2015.08.07"]
[Round "4.6"]
[Board "6"]
[White "Baglan, Esat"]
[Black "Saba, Zafer Rabin"]
[Result "1-0"]
[WhiteTitle "FM"]
[WhiteElo "2280"]
[BlackElo "1989"]
[WhiteTeam "Turk Hava Yollari (Thy) Sports Club"]
[BlackTeam "Calli Sports Club"]
[WhiteFideId "6309216"]
[BlackFideId "6329500"]
[EventDate "2015.08.04"]

1. e4 e5 2. Nf3 Nc6 3. Bc4 Bc5 4. c3 Nf6 5. d3 d6 6. Bb3 a6 7. h3 Ba7 8. Qe2 h6
9. Nbd2 O-O 10. g4 Be6 11. Bc2 d5 12. Nf1 dxe4 13. dxe4 Qd7 14. Ng3 b5 15. g5
Bc4 16. Qd2 Qxd2+ 17. Nxd2 hxg5 18. Nxc4 bxc4 19. Ba4 Nb8 20. Bxg5 Nbd7 21. Rg1
Rab8 22. Rb1 Bc5 23. Ke2 Kh7 24. Bc2 g6 25. b4 cxb3 26. axb3 a5 27. Ra1 Bb6 28.
Rgd1 Kg7 29. Rg1 Kh7 30. Rad1 Rfe8 31. Bd3 Bc5 32. Bc4 Rf8 33. h4 Rb6 34. Rh1
Rd6 35. Rxd6 Bxd6 36. Ra1 Ra8 37. Bxf7 Kg7 38. Bc4 c6 39. h5 Bf8 40. hxg6 Kxg6
41. Bd2 Nc5 42. Rg1 Kh7 43. f3 Rb8 44. Nf5 Nxb3 45. Bf7 Kh8 46. Bg5 Nh7 47. Rh1 1-0

[Event "TCh-TUR Super League 2015"]
[Site "Kocaeli TUR"]
[Date "2015.08.07"]
[Round "4.6"]
[Board "7"]
[White "Tasdogen, Dincer"]
[Black "Eren, Ataberk"]
[Result "1-0"]
[WhiteElo "1957"]
[BlackElo "1997"]
[WhiteTeam "Calli Sports Club"]
[BlackTeam "Turk Hava Yollari (Thy) Sports Club"]
[WhiteFideId "6367097"]
[BlackFideId "6349765"]
[EventDate "2015.08.04"]

1. e4 e6 2. d4 d5 3. e5 c5 4. c3 Nc6 5. Nf3 Qb6 6. a3 Nh6 7. b4 cxd4 8. cxd4 Nf5
9. Bb2 Be7 10. Qd2 Bd7 11. Be2 O-O 12. O-O f6 13. g4 Nh6 14. exf6 Rxf6 15. g5
Rxf3 16. Bxf3 Nf5 17. Rd1 Qd8 18. Bg4 Bxg5 19. Qd3 Nd6 20. Nc3 Nc4 21. Ra2 Bf4
22. Qh3 Qg5 23. Kh1 Re8 24. Ne2 Bb8 25. Bc1 Qf6 26. Qf3 Qh4 27. Bf4 Rf8 28. Qg3
Qxg3 29. hxg3 Nd6 30. Nc3 Ne7 31. Re2 Nef5 32. Kg2 a6 33. Be5 g6 34. Ree1 h5 35.
Bf3 Ba7 36. Ne2 Nc4 37. Nf4 Kf7 38. Be2 Nxa3 39. Rc1 Bb6 40. Bd3 Nc4 41. Bxc4
dxc4 42. Rxc4 g5 43. Nh3 Kg6 44. Rd1 Bc6+ 45. Kh2 h4 46. Rc3 hxg3+ 47. fxg3 Nh6
48. Kg1 Ng4 49. Bd6 Rh8 50. Nf2 Rh2 51. Rxc6 bxc6 52. Nxg4 Rb2 53. Bc5 Bc7 54.
Ne5+ Kf5 55. Re1 a5 56. g4+ Kf6 57. Rf1+ 1-0

[Event "TCh-TUR Super League 2015"]
[Site "Kocaeli TUR"]
[Date "2015.08.07"]
[Round "4.6"]
[Board "8"]
[White "Dogan, Sevval"]
[Black "Uzun, Belemir"]
[Result "1/2-1/2"]
[WhiteElo "1737"]
[BlackElo "1682"]
[WhiteTeam "Turk Hava Yollari (Thy) Sports Club"]
[BlackTeam "Calli Sports Club"]
[WhiteFideId "6322565"]
[BlackFideId "6365655"]
[EventDate "2015.08.04"]

1. e4 c6 2. d4 d5 3. e5 Bf5 4. Nf3 e6 5. Be2 c5 6. O-O Nc6 7. c3 cxd4 8. Nxd4
Nge7 9. f4 Nxd4 10. cxd4 Bxb1 11. Rxb1 Qb6 12. Qa4+ Nc6 13. Be3 g6 14. Rf3 Qb4
15. Qd1 Be7 16. Bf2 Bd8 17. a3 Qe7 18. b4 Kf8 19. g4 h5 20. Rh3 h4 21. b5 Na5
22. Be1 Kg7 23. Bb4 Qd7 24. Qf1 Rc8 25. Bd3 Bb6 26. Kh1 Nc4 27. Qf2 a5 28. bxa6
bxa6 29. Re1 a5 30. Bc5 Bxc5 31. dxc5 Qc6 32. Rxh4 Qxc5 33. Qg3 Qe7 34. Rxh8
Rxh8 35. f5 Qh4 36. f6+ Kf8 37. Qg1 Qh3 38. Bxc4 dxc4 39. Re3 Qh6 40. Qg2 Kg8
41. Rc3 Qh4 42. Qe2 Qg5 43. Qxc4 Qh6 44. Qe2 Qf4 45. Rc8+ Kh7 46. Rc7 Rf8 47.
Rc4 Qg5 48. Rc7 Qf4 49. Rc4 Qg5 50. Rc7 Qf4 51. Kg2 Kg8 52. Qf3 Qxe5 1/2-1/2

[Event "TCh-TUR Super League 2015"]
[Site "Kocaeli TUR"]
[Date "2015.08.07"]
[Round "4.7"]
[Board "1"]
[White "Morchiashvili, Bachana"]
[Black "Can, Emre"]
[Result "1-0"]
[WhiteTitle "IM"]
[BlackTitle "GM"]
[WhiteElo "2318"]
[BlackElo "2547"]
[WhiteTeam "Pamukkale Yonetimi Bilisim Sistemleri Zeka"]
[BlackTeam "Istanbul Technical University Sports Club"]
[WhiteFideId "13602535"]
[BlackFideId "6302181"]
[EventDate "2015.08.04"]

1. d4 d5 2. c4 e6 3. Nf3 Nf6 4. Nc3 c6 5. Bg5 Nbd7 6. e3 Qa5 7. cxd5 Nxd5 8. Qd2
Bb4 9. Rc1 h6 10. Bh4 b6 11. a3 Bxc3 12. bxc3 c5 13. Be2 Ba6 14. c4 Qxd2+ 15.
Nxd2 Ne7 16. f3 cxd4 17. exd4 Nf5 18. Bf2 O-O 19. c5 Bxe2 20. Kxe2 Nf6 21. g4
Ne7 22. Rhd1 Nfd5 23. Bg3 Rac8 24. Bd6 Rfd8 25. Nc4 Nc6 26. h4 f6 27. h5 b5 28.
Ne3 a5 29. f4 b4 30. Nc4 Rd7 31. Kd3 Rb7 32. Ra1 a4 33. Re1 bxa3 34. Rxa3 Ndb4+
35. Kc3 Nd5+ 36. Kd3 Ndb4+ 37. Kc3 Nxd4 38. Rxa4 Nbc6 39. Rea1 Rb3+ 40. Kd2 Nf3+
41. Ke2 Rc3 42. Nb6 Ncd4+ 43. Kf2 Rd8 44. Ra8 Rc2+ 45. Kg3 Rxa8 46. Rxa8+ Kh7
47. Nd7 g5 48. Ra7 Kg7 49. Ne5+ Kg8 50. Nxf3 Rc3 51. c6 Nxf3 52. c7 Nd4+ 53. Kg2
Nb5 54. Ra8+ Kf7 55. Rf8+ Kg7 56. c8=Q Rxc8 57. Rxc8 Nxd6 58. Rc6 Nf7 59. Rxe6
gxf4 60. Re4 f3+ 61. Kg3 f5 62. gxf5 Kf6 63. Kxf3 Kxf5 64. Rf4+ Ke6 65. Kg3 Nd6
66. Kg4 Ne8 67. Rf8 Nd6 68. Kf4 Nf7 69. Rg8 Ke7 70. Kf5 Nd8 71. Kg6 Ne6 72. Ra8
Nf4+ 73. Kxh6 Kf7 74. Ra6 1-0

[Event "TCh-TUR Super League 2015"]
[Site "Kocaeli TUR"]
[Date "2015.08.07"]
[Round "4.7"]
[Board "2"]
[White "Erdogan, Hakan"]
[Black "Komut, Kaan"]
[Result "1-0"]
[WhiteTitle "FM"]
[WhiteElo "2200"]
[BlackElo "1919"]
[WhiteTeam "Istanbul Technical University Sports Club"]
[BlackTeam "Pamukkale Yonetimi Bilisim Sistemleri Zeka"]
[WhiteFideId "6300359"]
[BlackFideId "6309992"]
[EventDate "2015.08.04"]

1. d4 Nf6 2. c4 g6 3. Nc3 Bg7 4. e4 d6 5. f3 O-O 6. Be3 e5 7. Nge2 a5 8. Qd2 Na6
9. O-O-O Be6 10. d5 Bd7 11. g4 Qb8 12. Ng3 Rc8 13. h4 c6 14. h5 cxd5 15. exd5 b5
16. hxg6 hxg6 17. Bh6 Bh8 18. Bg5 Bg7 19. Bxf6 Bxf6 20. Nce4 Bg7 21. Qg5 Rc7 22.
Nf6+ Kf8 23. Rd2 Ke7 24. Nge4 Be8 25. Rh7 Bf8 26. Ng8+ Kd7 27. Nef6+ Kc8 28.
Nxe8 Rxc4+ 29. Bxc4 bxc4 30. Rxf7 Qb6 31. Rxf8 Nb4 32. Nxd6+ 1-0

[Event "TCh-TUR Super League 2015"]
[Site "Kocaeli TUR"]
[Date "2015.08.07"]
[Round "4.7"]
[Board "3"]
[White "Yurtsever, Senel"]
[Black "Tarlabasi, Emirhan"]
[Result "0-1"]
[WhiteElo "1843"]
[BlackElo "2004"]
[WhiteTeam "Pamukkale Yonetimi Bilisim Sistemleri Zeka"]
[BlackTeam "Istanbul Technical University Sports Club"]
[WhiteFideId "6390005"]
[BlackFideId "6350275"]
[EventDate "2015.08.04"]

1. e4 e6 2. d4 d5 3. e5 c5 4. c3 Nc6 5. Nf3 Bd7 6. Bd3 cxd4 7. cxd4 Qb6 8. O-O
Rc8 9. Nc3 Na5 10. Na4 Qc6 11. Bd2 Nc4 12. b3 Nxd2 13. Qxd2 Ba3 14. Qg5 g6 15.
h4 b5 16. Nc5 Bxc5 17. dxc5 Qxc5 18. Rfc1 Qb6 19. Rxc8+ Bxc8 20. Rc1 Bd7 21. b4
h6 22. Qf4 a6 23. a3 Ne7 24. Qf6 Rg8 25. Rc5 Nc6 26. Qf4 Qb8 27. Kf1 Qd8 28.
Qxh6 Qe7 29. Qc1 Nd8 30. Qf4 Nc6 31. g4 Rh8 32. g5 Qd8 33. Nh2 Qb8 34. Ng4 Ne7
35. Nf6+ Kd8 36. Be2 Nc6 37. Nxd5 Qxe5 38. Qxe5 Nxe5 39. Nf6 Nc6 40. h5 gxh5 41.
Bxh5 Rf8 42. Bf3 Nd4 43. Bb7 Rh8 44. Kg2 Rf8 45. Kg3 Rh8 46. Kf4 Rh3 47. Ke5 Nf5
48. Rc2 Rd3 49. Bxa6 Nd6 50. a4 Rd1 51. Nxd7 Kxd7 52. axb5 Rd5+ 53. Kf4 Nxb5 54.
Rc5 Nc7 55. Bc4 Rd2 56. Ke3 Rb2 57. b5 Kd6 58. Rc6+ Kd7 59. f4 Nxb5 60. Rb6 Nd6
61. Bxe6+ Kxe6 62. f5+ Ke7 63. Rxb2 Nc4+ 64. Kf4 Nxb2 65. Kg4 Nd3 66. Kh5 Kf8
67. Kg4 Kg7 68. Kf3 Ne5+ 69. Ke4 Nc4 70. Kf4 Nd6 71. Ke5 Ne8 72. Kf4 Kf8 73. Ke5
Ke7 74. f6+ Kf8 75. Kf5 Nd6+ 76. Kg4 Kg8 77. Kf4 Kh7 78. Ke5 Nc4+ 79. Kd5 Nb6+
80. Kc5 Na8 81. Kd4 0-1

[Event "TCh-TUR Super League 2015"]
[Site "Kocaeli TUR"]
[Date "2015.08.07"]
[Round "4.7"]
[Board "5"]
[White "Celik, Eda"]
[Black "Asan, Elvan"]
[Result "0-1"]
[WhiteElo "1656"]
[BlackElo "1810"]
[WhiteTeam "Pamukkale Yonetimi Bilisim Sistemleri Zeka"]
[BlackTeam "Istanbul Technical University Sports Club"]
[WhiteFideId "6351727"]
[BlackFideId "6312209"]
[EventDate "2015.08.04"]

1. e4 c5 2. Nf3 d6 3. Bb5+ Bd7 4. Bxd7+ Qxd7 5. O-O Nf6 6. Re1 e6 7. c3 Nc6 8.
d4 cxd4 9. cxd4 d5 10. e5 Ne4 11. Nbd2 Nxd2 12. Bxd2 Be7 13. Rc1 O-O 14. Rc3
Rac8 15. a3 b5 16. Rd3 b4 17. h4 a5 18. Ng5 g6 19. h5 h6 20. Nh3 Kh7 21. hxg6+
fxg6 22. Qg4 Rf5 23. Nf4 g5 24. Nh5 Rcf8 25. Rf1 Bd8 26. Rh3 Qf7 27. Be3 Qg6 28.
Rc1 Ne7 29. Nf6+ Kg7 30. Nd7 Rh8 31. Nc5 h5 32. Qe2 Rf7 33. Bxg5 Nf5 34. Bxd8
Rxd8 35. Qxh5 Qxh5 36. Nxe6+ Kh6 37. Rxh5+ Kxh5 38. Nxd8 Rd7 39. Nc6 Rc7 40. Rc2
b3 41. Rc3 Kg6 42. Kf1 a4 43. Ke1 Nh4 44. Rg3+ Kf5 45. Nb4 Rc1+ 46. Ke2 Ng6 47.
Kd2 Rc4 48. Rf3+ Ke4 49. Rg3 Rxd4+ 50. Kc3 Rc4+ 51. Kd2 Nxe5 52. Re3+ Kd4 53.
Rh3 Kc5 54. f4 Rxf4 55. Rh5 Kd4 56. Rxe5 Kxe5 57. Nd3+ Ke4 58. Nxf4 Kxf4 59. Kd3
Kg3 60. Kd4 Kxg2 61. Kxd5 Kf2 62. Kc4 Ke2 63. Kb4 Kd2 64. Kxa4 Kc2 65. Kb5 Kxb2
66. a4 Kc3 67. a5 b2 68. Ka6 b1=Q 69. Ka7 Kc4 70. a6 Kc5 71. Ka8 Kc6 72. Ka7
Qb6+ 73. Ka8 Qxa6+ 74. Kb8 Qb7# 0-1

[Event "TCh-TUR Super League 2015"]
[Site "Kocaeli TUR"]
[Date "2015.08.07"]
[Round "4.7"]
[Board "6"]
[White "Bortnyk, Olexandr"]
[Black "Oz, Ozan"]
[Result "1-0"]
[WhiteTitle "IM"]
[WhiteElo "2553"]
[BlackElo "1807"]
[WhiteTeam "Istanbul Technical University Sports Club"]
[BlackTeam "Pamukkale Yonetimi Bilisim Sistemleri Zeka"]
[WhiteFideId "14120828"]
[BlackFideId "6349188"]
[EventDate "2015.08.04"]

1. e4 e6 2. d4 d5 3. Nc3 dxe4 4. Nxe4 Bd7 5. Nf3 Bc6 6. Bd3 Nd7 7. O-O Ngf6 8.
Ng3 Be7 9. b3 O-O 10. c4 Bxf3 11. Qxf3 c6 12. Bb2 Qa5 13. a3 Rfd8 14. Rfe1 Bd6
15. Rad1 Bxa3 16. Ra1 Qxe1+ 17. Rxe1 Bxb2 18. Rd1 Nf8 19. Ne2 Rd7 20. Rd2 Ba1
21. g4 Rad8 22. g5 Ne8 23. Qe3 Ng6 24. Bxg6 hxg6 25. d5 cxd5 26. Qxa7 Be5 27. c5
d4 28. Rd3 Bb8 29. Qb6 e5 30. b4 e4 31. Rd1 Bc7 32. Qb5 d3 33. Nc3 Re7 34. Qc4
e3 35. fxe3 Rxe3 36. Nd5 Re2 37. Rxd3 Bxh2+ 38. Kf1 Re5 39. Ne7+ Rxe7 40. Rxd8
Bc7 41. Rc8 Kf8 42. Qh4 Kg8 43. b5 b6 44. Qd4 Re5 45. Qxe5 Bxe5 46. Rxe8+ 1-0

[Event "TCh-TUR Super League 2015"]
[Site "Kocaeli TUR"]
[Date "2015.08.08"]
[Round "5.1"]
[Board "1"]
[White "Harikrishna, Pentala"]
[Black "Moiseenko, Alexander"]
[Result "1/2-1/2"]
[WhiteTitle "GM"]
[BlackTitle "GM"]
[WhiteElo "2740"]
[BlackElo "2710"]
[WhiteTeam "Istanbul Technical University Sports Club"]
[BlackTeam "Kayseri Seker Sports Club"]
[WhiteFideId "5007003"]
[BlackFideId "14102560"]
[EventDate "2015.08.04"]

1. d4 Nf6 2. c4 e6 3. Nf3 d5 4. Nc3 Be7 5. Bg5 h6 6. Bh4 O-O 7. e3 Ne4 8. Bxe7
Qxe7 9. Rc1 c6 10. Bd3 Nxc3 11. Rxc3 dxc4 12. Bxc4 Nd7 13. O-O b6 14. Bd3 c5 15.
Qc2 Bb7 16. Bh7+ Kh8 17. Be4 Bxe4 18. Qxe4 a5 19. h3 Rfd8 20. Rfc1 cxd4 21. Nxd4
Nc5 22. Qc2 Rac8 23. Nb3 Nxb3 24. Rxc8 Nxc1 25. Qxc1 Rxc8 26. Qxc8+ Kh7 27. Qc2+
Kg8 28. a3 1/2-1/2